000 00898nam a22002657a 4500
003 UA-OsUOA
001 131277
007 ta
008 20180529b un ||||| |||| 00| 0 ukr d
090 _a61
_bП27
942 _cMG
040 _aUA-OsUOA
_bukr
_cUA-OsUOA
_dUA-OsUOA
245 _aПеринатологія і Педіатрія.
_bНаціональна академія медичних наук України Державна установа "Інститутпедіатрії, акушерства і гінекології НАМН України
_cГол. ред. Давидова Ю. В.
300 _a140 с.
955 _a1
041 _aukr
080 _a61
022 _a1992-5891
260 _aК.
246 3 1 _aНауково-практичний журнал
_n
044 _aUA
962 _a1999
099 _a22811
650 7 _a61 Медичні науки
_2UDC
999 _c409134
_d409134